Edinburgh, the twentie day of June, 1650 : The Estates of Parliament now presently conveened ... taking to their considerations the dangers which threatens religion & this kingdome ...

Bibliographic Details
Corporate Author: Scotland. Convention of Estates
Format: eBook
Language:English
Published: [Edinburgh : Evan Tyler, 1650]
Series:Early English books online.
Subjects:
Online Access:Connect to the full text of this electronic book

MARC

Tag First Indicator Second Indicator Subfields
LEADER 00000nam a2200000Ia 4500
001 in00004331508
005 20200812091515.0
006 m g d
007 cr bn |||a|bb|
008 030715s1650 stk o 000 0 eng d
035 |a (OCoLC)52615034 
040 |a EAE  |c EAE  |e dcrb 
037 |a CL0037000119  |b ProQuest Information and Learning. 300 N. Zeeb Rd., Ann Arbor, MI 48106 
043 |a e-uk-st 
090 |a UA664  |b .S36 1650 
049 |a UMIA 
110 1 |a Scotland.  |b Convention of Estates. 
245 1 0 |a Edinburgh, the twentie day of June, 1650 :  |b The Estates of Parliament now presently conveened ... taking to their considerations the dangers which threatens religion & this kingdome ... 
260 |a [Edinburgh :  |b Evan Tyler,  |c 1650] 
300 |a 1 online resource (1 sheet ([1] pages) 
336 |a text  |b txt  |2 rdacontent 
337 |a computer  |b c  |2 rdamedia 
338 |a online resource  |b cr  |2 rdacarrier 
500 |a Caption title. 
500 |a Initial letter. 
500 |a Publication data from Wing (2nd edition). 
500 |a Reproduction of original in: National Library of Scotland. 
510 4 |a Wing (2nd edition)  |c S1235B 
533 |a Electronic reproduction.  |b Ann Arbor, Mich. :  |c UMI,  |d 1999-  |f (Early English books online)  |n Digital version of: (Early English Books, 1641-1700 ; 2762:10)  |7 s1999 miun s 
610 1 0 |a Scotland.  |b Army  |x Pay, allowances, etc.  |x Law and legislation  |v Early works to 1800. 
610 1 0 |a Scotland.  |b Army  |z Equipment  |x Law and legislation  |v Early works to 1800. 
655 7 |a Broadsides  |z Scotland  |y 17th century.  |2 rbgenr 
830 0 |a Early English books online. 
856 4 0 |u http://proxy.library.tamu.edu/login?url=https://search.proquest.com/docview/2240875327  |z Connect to the full text of this electronic book  |t 0 
999 f f |s fbb0d16c-b465-3ef7-b635-b73ce4c368e9  |i 08efe5f9-4dd3-3d96-9f24-d84eacfa7b24  |t 0 
952 f f |a Texas A&M University  |b College Station  |c Electronic Resources  |d Available Online  |t 0  |e UA664 .S36 1650  |h Library of Congress classification 
998 f f |a UA664 .S36 1650  |t 0  |l Available Online